Länder mit der höchsten Bevölkungsdichte 2100 - Statistiken

Allgemein
  • Dieses Quiz wurde 98 mal gespielt
  • Das Durchschnittsergebnis liegt bei 19 aus 40
Antwortstatistiken
Bevölkungsdichte Land % Korrekt
465 Indien
87%
25.000 Monaco
80%
7.580 Singapur
78%
1.195 Bangladesch
75%
591 Nigeria
75%
339 Luxemburg
73%
377 Belgien
64%
377 Katar
64%
399 Niederlande
62%
612 Pakistan
60%
2.659 Bahrain
58%
305 Ghana
56%
275 Kuwait
55%
1.219 Malta
54%
834 Israel
49%
601 Philippinen
49%
475 Togo
49%
275 Vietnam
49%
315 Senegal
48%
406 Benin
46%
293 Äthiopien
42%
1.284 Ruanda
42%
253 Schweiz
42%
289 Vereinigtes Königreich
41%
590 Gambia
40%
1.415 Burundi
39%
1.567 Malediven
39%
417 Mauritius
39%
581 Haiti
38%
547 Uganda
38%
277 Elfenbeinküste
36%
256 Irak
35%
844 Komoren
34%
465 Barbados
33%
455 Libanon
29%
552 Sao Tome und Principe
29%
258 Tansania
29%
494 Malawi
28%
353 Grenada
21%
296 Kiribati
15%
Keine übereinstimmenden Quizze gefunden
Verteilung der Resultate
Anzahl Personen mit jedem Resultat
Perzentil nach korrekt beantworteten Fragen
Ihre Resultats-Entwicklung
Sie haben dieses Quiz noch nicht gespielt